=LDR 00000nam 2200000 4500 =001 000929 =005 20250712125154 =035 ##$$a 0010-0725000807 =007 ta =008 250712################a##########0#ind## =020 ##$$a 978-623-307-562-6 =082 ##$$a 398.209 598 =084 ##$$a 398.209 598 SIL e =100 #$$a Silva, Milena da =245 1#$$a Elsa Mencetak Gol /$c Milena da Silva =250 ##$$a Cetakan Pertama =260 ##$$a Jakarta Timur :$b Badan Pengembangan dan Pembinaan Bahasa,$c 2022 =300 ##$$a 20 hlm : $b ilus. ; $c 21,5 cm =650 #4$$a Literasi-Bahan Bacaan =600 #4$$a Cerita anak Indonesia - Terjemahan =856 ##$$a TBM AS SUHADA =990 ##$$a TBM202400969